000 00834nam a2200217Ii 4500
003 JO-AjNU
008 230605s9999||||xx |||||||||||||| ||und||
017 _a2015/7/3362
040 _aJO-AjNU
_bara
_erda
_cJO-AjNU
041 _aara
050 1 4 _aHF5415.5 2016
100 3 _aتأليف ابو جليل، محمد منصور,
_eauthor
_957433
245 0 0 _aإدارة علاقات العملاء: (المفاهيم، الاصول، التطبيقات)
250 _aط2 مزيدة ومنقحة
264 3 1 _aعمان:دار الغاية للنشر والتوزيع، 2016
300 _a321ص
_bيحتوي على ببلوغرافية من ص 307-321ص
336 _atext
_btxt
_2rdacontent
337 _aunmediated
_bn
_2rdamedia
338 _avolume
_bnc
_2rdacarrier
650 4 _aالعملاء - خدمات - ادارة
_957434
999 _aA25739
_c29307
_d29307